Normal view
MARC view
- Sindhu Bhaskar
Entry Personal Name
001 - CONTROL NUMBER
- control field: 7912
003 - CONTROL NUMBER IDENTIFIER
- control field: OSt
005 - DATE AND TIME OF LATEST TRANSACTION
- control field: 20260310110650.0
008 - FIXED-LENGTH DATA ELEMENTS
- fixed length control field: 260310|| aca||aabn | a|a d
040 ## - CATALOGING SOURCE
- Original cataloging agency: OSt
- Transcribing agency: OSt
100 ## - HEADING--PERSONAL NAME
- Personal name: Sindhu Bhaskar
670 ## - SOURCE DATA FOUND
- Source citation: Work cat.: (OSt)19627: Mohammed Suhail V K 7909, STUDY ON DESIGN OF FOUR- BAR MECHANISM IN VIBRATORY TILLAGE TOOLS, 2025
